00685nam a2200217 a 450000100060000000300080000600500170001400800410003103500190007204000370009104100080012808200240013610000420016024500510020226000480025330000340030149000310033550400400036665000290040683000320043570116BD-RjUL20211209081951.0170416s1965 nyua b 001 0 eng d a(BD-RjUL)70328 aDLC/ICUcCGUdm.c.dBD-RjULbeng aeng 223a543.4bSTA 19651 aStock, John T.q(John Thomas),d1911-10aAmperometric titrations /c[by] John T. Stock. aNew York :bInterscience Publishers,c1965. axiv, 730 p. :bill. ;c24 cm.1 aChemical analysis ;vv. 20 aIncludes bibliographies and indexes 0aConductometric analysis. 0aChemical analysis ;vv. 20.